000
00253nam a2200109Ia 4500
008
190216s9999||||xx |||||||||||||| ||und||
100
_a
Agrawal A N
245
0
_a
Nature Of Management
260
_b
Allied Publishers Limited
300
_a
224p
942
_c
BK
999
_c
4097
_d
4097